000 00745nam a22002417i 4500
999 _c168190
_d168190
005 20180821085414.0
007 ta
008 180707s2016 cc a|||j |||| 00| 0 chi d
020 _a7987546980997
_cRM 20.80
_qpaperback
040 _aPPAK
_beng
_cPPAK
_erda
082 _223
_a495.186
090 _a495.186
_bTAN
_dK
100 _aLuciani, Brigitte,
_eauthor
245 _aTan wan de ka xi si =
_bPlayful cassis /
_cBrigitte Luciani
264 _aChina :
_bXing Jiang Publication
_c2016
300 _a24 pages :
_bcolour illustrations ;
_c21 cm
336 _2rdacontent
_atext
337 _2rdamedia
_aunmediated
338 _2rdacarrier
_avolume
650 _aChinese language, Readers
650 _aChildren's stories, Chinese
942 _2ddc
_cB